000 00455nam a2200181Ia 4500
001 9373
005 20260306161713.0
008 260306t2013||||xx |||||||||||||| ||spa||
041 _aESP
082 _a378.17
_bC65
100 _aCisneros Estupiñán, Mireya
_eAUT
245 0 _aAlfabetización académica y lectura inferencial
260 _c2013
300 _ax, 314 páginas :
_c24 cm.
650 _aGEN
654 _aCED
942 _cLIB
_dJUS
_fJUS
_2ddc
_n
999 _c9373
_d9373